000 01279cam a22003494i 4500
003 PE-LiUPU
005 20250731184058.0
008 150623s r 000 0 d
035 _a(Sirsi) a23362
040 _aPE-LiUPU
_bspa
_cPE-LiUPU
_erda
082 0 4 _a869.502
_bM791935
_221
100 1 _aMorote, Herbert,
_d1935-,
_eautor.
245 1 4 _aLos ayacuchos :
_bpieza teatral en tres actos /
_cHerbert Morot.
264 1 _aLima :
_bEpígrafe,
_c1991.
300 _a126 páginas ;
_c21 cm.
336 _atext
_2rdacontent
337 _aunmediated
_2rdamedia
338 _avolume
_2rdacarrier
505 0 _aLos Ayacuchos: pieza teatral entres actos.
526 _aP145
526 _aP127
526 _aP97
526 _aP14
526 _aP07
650 1 8 _aTeatro peruano
_ySiglo XX.
650 2 8 _aAyacucho, Batalla de, 1824
_xEn la literatura.
942 _2ddc
_cBOOK
949 _a869.502 M79 1935
_wDEWEY
_c1
_i47505
_lCCODEBUL1
_mBUL
_p00.00
_r0
_sY
_tBOOK
_u2015-06-24
_xBIBLIOTECA
_zUNKNOWN
_0COMPRA
_o.STAFF. Colección General
596 _a1
999 _a869.502 M79 1935
_wDEWEY
_c24031
_i47505
_f2021-11-5
_g5
_lCCODEBUL1
_mBUL
_r0
_sY
_tBOOK
_u2015-6-24
_xBIBLIOTECA
_zUNKNOWN
_0COMPRA
_o.STAFF. Colección General
_d24031
980 _81
_gALBERTO SANCHEZ Responsable de Automatización